Biologie für Oberschule und Gymnasium ... (Record no. 37999)

MARC details
000 -LEADER
fixed length control field 00569cam a22002051 4500
001 - CONTROL NUMBER
control field med47000211
003 - CONTROL NUMBER IDENTIFIER
control field DLC
005 - DATE AND TIME OF LATEST TRANSACTION
control field 20260227111558.0
008 - FIXED-LENGTH DATA ELEMENTS--GENERAL INFORMATION
fixed length control field 800531m19399999gw ac 000 0 ger c
010 ## - LIBRARY OF CONGRESS CONTROL NUMBER
LC control number med47000211
035 ## - SYSTEM CONTROL NUMBER
System control number (OCoLC)6375517
040 ## - CATALOGING SOURCE
Original cataloging agency U.S. Army medical libr.
Transcribing agency TxCM
Modifying agency DLC
042 ## - AUTHENTICATION CODE
Authentication code premarc
050 00 - LIBRARY OF CONGRESS CALL NUMBER
Classification number QH308.5
Item number .G66
100 1# - MAIN ENTRY--PERSONAL NAME
Personal name Graf, Jakob,
Dates associated with a name 1891-
245 10 - TITLE STATEMENT
Title Biologie für Oberschule und Gymnasium ...
260 ## - PUBLICATION, DISTRIBUTION, ETC.
Place of publication, distribution, etc. München [etc.]
Name of publisher, distributor, etc. Lehmann,
Date of publication, distribution, etc. 1939-
300 ## - PHYSICAL DESCRIPTION
Extent v.
Other physical details illus. (part col.) ports.
Dimensions 22 cm.
650 #0 - SUBJECT ADDED ENTRY--TOPICAL TERM
Topical term or geographic name entry element Biology.

No items available.

Powered by Koha